Guillermo de Montrodon : su personalidad proyectada en la historia de España : estudio biográfico leído en el Salón de la Columna del Ayuntamiento de Vich el 4 de julio de 1948, con ocasión de ser repuesta su efigie en la Galería de Vicenses Ilustres / Honorio García y García su personalidad proyectada en la historia de España :
Descripción Física:
22 p. ; 21 cm
MARC
| LEADER | 00000nam a2200000Ia 4500 | ||
|---|---|---|---|
| 001 | 16240 | ||
| 008 | 160829s1948 xx 000 0 cat d | ||
| 080 | |a FU-43-8 | ||
| 100 | |a García y García, Honorio |9 43543 | ||
| 245 | |a Guillermo de Montrodon : |b su personalidad proyectada en la historia de España : |b estudio biográfico leído en el Salón de la Columna del Ayuntamiento de Vich el 4 de julio de 1948, con ocasión de ser repuesta su efigie en la Galería de Vicenses Ilustres / Honorio García y García | ||
| 260 | |a Vich : |b Imp. Anglada, |c 1948 | ||
| 300 | |a 22 p. ; |c 21 cm | ||
| 590 | |a Bibliografia. | ||
| 590 | |a Prové de Q-230, exp. 90 | ||
| 650 | |a Mont-rodon, Guillem de |x Biografia |9 43544 | ||
| 650 | |a Catalunya |x Història |x S. XII-XIII |9 43545 | ||
| 856 | 4 | |u https://media.diba.cat/diba/fitxers/arxiu/fulletons/bib_16240_baixa.pdf |y Accés lliure | |
| 856 | 4 | |u https://media.diba.cat/diba/fitxers/arxiu/fulletons/bib_16240_baixa.pdf |y Accés lliure | |
| 901 | |a Arxiu | ||
| 942 | |n 1 |2 udc | ||
| 952 | |0 0 |1 0 |4 0 |6 FU438 |7 1 |9 51503 |a Arxiu |b Arxiu |d 2016-12-01 |l 0 |o FU-43-8 |p 16240 |r 2016-12-01 00:00:00 |w 2016-12-01 |y ARXIU | ||
| 999 | |c 55347 |d 55347 | ||
| 900 | |a bib_16240_baixa.pdf | ||